Name the Gossip Girl characters - Statistics

General Stats
  • This quiz has been taken 536 times
  • The average score is 24 of 32
Answer Stats
Picture Answer % Correct
Blair Waldorf
100%
Chuck Bass
99%
Dan Humphrey
99%
Serena Van Der Woodsen
99%
Nate Archibald
98%
Lily Van Der Woodsen
96%
Jenny Humphrey
95%
Eric Van Der Woodsen
94%
Rufus Humphrey
93%
Vanessa Abrams
93%
Bart Bass
92%
Georgina Sparks
92%
Eleanor Waldorf
85%
Carter Baizen
82%
Dorota Kishlovsky
78%
Ivy Dickens
77%
Dan Humphrey
75%
Jack Bass
72%
Cyrus Rose
70%
Louis Grimaldi
68%
CeCe Rhodes
63%
Penelope Shafai
62%
William Van Der Woodsen
62%
Nelly Yuki
61%
Aaron Rose
57%
Lola Rhodes
55%
Diana Payne
53%
Ben Donovan
51%
Alison Humphrey
42%
Anne Archibald
42%
Catherine Beaton
41%
Howard Archibald
34%
No matching quizzes found
Score Distribution
Percent of People with Each Score
Percentile by Number Answered
Your Score History
You have not taken this quiz